宮崎県の市町村(1960年) - Statistics

General Stats
  • This quiz has been taken 53 times
  • The average score is 38 of 52
Answer Stats
No. 市町村 備考 % Correct
1 宮崎市
97%
3 延岡市
94%
2 都城市
91%
4 日南市
91%
6 日向市
91%
7 串間市
91%
5 小林市
88%
12 宮崎郡 佐土原町 2006年消滅
85%
34 児湯郡 西米良村
85%
37 児湯郡 川南町
85%
39 東臼杵郡 門川町
85%
47 東臼杵郡 諸塚村
85%
51 西臼杵郡 日之影町
85%
8 西都市
82%
22 西諸県郡 高原町
82%
29 東諸県郡 国富町
82%
31 児湯郡 高鍋町
82%
32 児湯郡 新富町
82%
48 東臼杵郡 椎葉村
82%
49 西臼杵郡 高千穂町
82%
9 宮崎郡 清武町 2010年消滅
79%
10 宮崎郡 田野町 2006年消滅
79%
14 南那珂郡 南郷町 2009年消滅
79%
52 西臼杵郡 五ヶ瀬町
79%
30 東諸県郡 綾町
76%
41 東臼杵郡 南郷村 2006年消滅
76%
43 東臼杵郡 北郷村 2006年消滅
76%
23 西諸県郡 野尻町 2010年消滅
73%
28 東諸県郡 高岡町 2006年消滅
73%
38 児湯郡 都農町
73%
40 東臼杵郡 東郷村 1969年昇格
73%
42 東臼杵郡 西郷村 2006年消滅
73%
13 南那珂郡 北郷町 2009年消滅
70%
16 北諸県郡 三股町
70%
21 北諸県郡 高崎町 2006年消滅
70%
24 西諸県郡 須木村 2006年消滅
70%
35 児湯郡 東米良村 1962年消滅
70%
36 児湯郡 木城村 1973年昇格
70%
17 北諸県郡 山之口村 1964年昇格
64%
25 西諸県郡 飯野町 1966年消滅
64%
45 東臼杵郡 北川村 1972年昇格
64%
46 東臼杵郡 北浦村 1972年昇格
64%
18 北諸県郡 高城町 2006年消滅
61%
26 西諸県郡 加久藤町 1966年消滅
61%
20 北諸県郡 山田町 2006年消滅
58%
27 西諸県郡 真幸町 1966年消滅
58%
44 東臼杵郡 北方村 1970年昇格
55%
50 西臼杵郡 上野村 1969年消滅
52%
11 宮崎郡 生目村 1963年消滅
45%
19 北諸県郡 荘内町 1965年消滅
45%
33 児湯郡 三財村 1962年消滅
45%
15 北諸県郡 中郷村 1967年消滅
39%
No matching quizzes found
Score Distribution
Percent of People with Each Score
Percentile by Number Answered
Your Score History
You have not taken this quiz